00000000nam 2200000za 4500
0019.630462
003CaOODSP
00520230215131228
007cr |||||||||||
008150407|1980||||xxc|||||o    f|0| 0 fre d
040 |aCaOODSP|bfre
043 |an-cn---
0861 |aA63-1489-1980F-IN
1101 |aCanada. |bAgriculture et agroalimentaire Canada. |bDirection générale des services à l'industrie et aux marchés.
24510|aGestion du poulailler familial / |h[ressource électronique]|cPublié par Agriculture Canada.
260 |aOttawa - Ontario : |bAgriculture et Agroalimentaire Canada. |c1980.
300 |a11p. (1973 kb)|bill.
500 |a«Cette publication a été rédigée par la Direction de volaille du ministère de l'Agriculture de la Colombie-Britannique.»
5203 |aCette publication a été rédigée par la Direction de volaille du ministère de l'Agriculture de la Colombie-Britannique
590 |a00-44|b2000-11-03
69107|aVolaille|2gcpds
69107|aCouveuse|2gcpds
794 |tGestion du poulailler familial / |w(CaOODSP)9.643096
85640|ahttp://publications.gc.ca|qPDF|s1973 KB|uhttps://publications.gc.ca/collections/Collection/A63-1489-1980F.pdf